000
00335 a2200109 4500
001
ART_54669
005
20260410161811.0
008
260409a
245
1
0
_a
Concurso, sobreendeudamiento y pandemia
100
1
_a
Truffat, Edgardo Daniel
773
0
_t
Doctrina Societaria y Concursal
_g
- N° 408 (nov. 2021)
_w
REV4298
999
_c
21458
_d
21458